| 000 | 00641nam a2200181Ia 4500 | ||
|---|---|---|---|
| 003 | GCL | ||
| 008 | 140319s9999 xx 000 0 ara d | ||
| 040 |
_aGCL / _cGCL |
||
| 082 | 0 | 4 |
_a944.01 _bم د |
| 100 | 1 | _aمحمد محمد مرسى الشيخ | |
| 245 | 1 | 0 |
_aدولة الفرنجة و علاقتها بالامويين فى الاندلس فى اواخر القرن العاشر الميلادى / _cمحمد محمد مرسى الشيخ |
| 300 | _a333 ص | ||
| 490 | _a | ||
| 650 | 0 | 4 | _aالعصور الوسطى |
| 650 | 0 | 4 | _aالدولة الاموية فى الاندلس |
| 650 | 0 | 4 | _aفرنسا, تاريخ |
| 942 |
_2ddc _cBK |
||
| 999 |
_c41732 _d41732 |
||